000 00467nam a2200181Ia 4500
001 14040
005 20260306164845.0
008 260306t2013||||xx |||||||||||||| ||spa||
041 _aESP
082 _a006.3
_bH31
100 _aHeaton, Jeff
_eAUT
245 0 _aArtificial intelligence for humans, Volume 1:
_bfundamental algorithms
260 _c2013
300 _axxviii, 194 páginas :
_c24 cm.
650 _aGEN
654 _aCCC
942 _cLIB
_dJUS
_fJUS
_2ddc
_n
999 _c14040
_d14040